000 00732nam a2200289Ia 4500
005 20260324122525.0
008 008 260324s9999 xx 000 0 eng d
020 _a9780429099533
037 _aEBOOK
040 _aCRL
040 _beng
040 _cCRL
041 _2eng
041 _aeng
084 _qCRL
100 _aMichael J. Bucknum; Tanmoy Chakraborty; Eduardo A. Castro
_91166776
245 0 _aComputational and Experimental Chemistry
245 0 _bDevelopments and Applications
260 _bTaylor and Francis
260 _c2013
365 _a
365 _b280
856 _uhttp://www.taylorfrancis.com/books/9780429099533
942 _cEBOOK
999 _c1759597
_d1759597